000 00291nam a22001097a 4500
008 230704b xxu||||| |||| 00| 0 eng d
082 _a362.7
_bEDW 1999
245 _aReport on the Symposium on Rights-Based Programming for CNSP
260 _bGOK,UNICEF
_c199
300 _a68p
942 _2ddc
_cBK
999 _c3803
_d3803